USA A-Z - Statistics

General Stats
  • This quiz has been taken 96 times
  • The average score is 18 of 25
Answer Stats
Hint Answer % Correct
C. The most populous state. California
99%
F. This country donated the Statue of Liberty. France
99%
G. The first name of the first president. George
98%
I. State home to Abraham Lincoln and Chicago. Illinois
94%
L. City in Nevada famous for it's casinos and gambling. Las Vegas
94%
O. City in Florida home to Disney World Orlando
93%
M. River that runs from Minnesota to the Atlantic ocean. Mississippi
90%
R. Smallest US state. Rhode Island
90%
K. State famous for the "mammoth caves". Kentucky
84%
W. State home to the Space Needle. Washington
83%
V. State home to Ben & Jerry's. Vermont
81%
S. City that is the capital of California. Sacramento
80%
B. This city hosted one of the biggest protests against taxation in the US. Boston
79%
J. Most popular US president first name. James
78%
N. State home to Yucca Mountain Nevada
75%
H. The largest archipelago in the US. Hawaii
73%
P. Prestigious Ivy League university located in New Jersey. Princeton
69%
Q. Middle name of the sixth US president. Quincy
68%
A. Historic military fort captured by Mexico in 1836. Alamo
61%
D. Highest mountain in North America, found in Alaska. Denali
59%
U. General in the Civil War and 18th president. Ulysses S. Grant
53%
Y. City of ~200,000 about 20 miles north of New York City. Yonkers
39%
Z. America's first of these was in Philadelphia, Pennsylvania in 1874. Zoo
30%
T. City of ~600,000 about ~275 miles from the Grand Canyon. Tuscon
29%
E. This famous author has a museum in Virginia. Edgar Allen Poe
25%
No matching quizzes found
Score Distribution
Percent of People with Each Score
Percentile by Number Answered
Your Score History
You have not taken this quiz